000 00568nam a22002057a 4500
008 220714b |||||||| |||| 00| 0 eng d
020 _a1475787337
050 _aR727.45
_b.L68 2003
100 _aLoue, Sana
245 _aCommunity Health Advocacy/
_cSana Loue
260 _aNew York
_bSpringer
_c2003
300 _axi, 171p.
650 _aCommunity health services
650 _aPatient advocacy
650 _aCommunity organizations
650 _aPatient representatives
700 _aLloyd, Linda S.
700 _aO'shea, Daniel J.
942 _2lcc
_cBK
999 _c19388
_d19387